01410nam a2200241 a 450000100100000000500170001000800410002704000250006808200160009310000440010924500890015326000360024230000270027850400730030550000640037895201140044295201200055695201200067695201200079695201200091695201150103699900170115100003618420240319201453.0120110s2011 dr a 000 0 spa d aDO-SdBNPbspacBNPHU axxxxbT266d1 aTejada, Adriano Migueld1948-20209856010aDuarte, la prensa de Curazao y la independencia dominicana /cAdriano Miguel Tejada. aSanto Domingo :bBúho,c2011. a31 p. :bil. ;c23 cm. aIncluye referencias bibliográficas y notas al pie de las páginas aDiscurso de ingreso a la Academia Dominicana de la Historia 0010718PDaPDbPDcCTd2012-01-10iLF1l0oxxxx T266dp36184-10r2020-06-25w2020-06-25yLFPDZNo se presta 0010718PDaPDbPDcCTd2012-01-10iLF1l0oxxxx T266dp36184-20r2020-06-25te. 2w2020-06-25yLFPDZNo se presta 0010718DSaPDbPDcCTd2012-10-04iLF1l0oxxxx T266dp36184-30r2020-06-25te. 3w2020-06-25yLFDSZNo se presta 0010718DSaPDbPDcCTd2012-10-04iLF1l0oxxxx T266dp36184-40r2020-06-25te. 4w2020-06-25yLFDSZNo se presta 0010718DSaPDbPDcCTd2012-10-04iLF1l0oxxxx T266dp36184-50r2020-06-25te. 5w2020-06-25yLFDSZNo se presta 00107-18PDaPDbPDcOId2012-01-10iLF1l0oxxxx T266dp36185-10r2020-06-25w2020-06-25yLFPDZNo se presta c35675d35675